Ykkösliigan kotikentät 2026 - Statistics

Yleistilastot
  • Tätä visaa on pelattu 7 kertaa
  • Keskiarvotulos 5 / 10
Vastaustilastot
Kapasiteetti Vastaus % Oikein
4200 (KTP) Arto Tolsa Areena
80%
3000 (FC Haka) Tehtaan kenttä
80%
10,770 (Klubi 04) Bolt Arena
60%
7000 (MP) Mikkelin urheilupuisto
60%
5900 (SJK Akatemia) OmaSP Stadion
60%
1200 (KäPa) Brahenkenttä
40%
1200 (EIF) Tammisaaren keskuskenttä
40%
2000 (JäPS) Järvenpään keskuskenttä
20%
1000 (Jippo) Mehtimäen tekonurmi
20%
2700 (PK-35) Mustapekka Areena
20%
Ehtoja vastaavia visoja ei löytynyt
Tulosjakauma
Jokaisen tuloksen saaneiden osuus
Persentiili vastausten määrän mukaan
Tuloshistoriasi
Et ole pelannut tätä visaa